header

The designer (Record no. 39751)

MARC details
000 -LEADER
fixed length control field 01324nam a2200313Ia 4500
100 1# - MAIN ENTRY--AUTHOR NAME
Personal name Sassoon, Rosemary.
245 14 - TITLE STATEMENT
Title The designer
260 ## - PUBLICATION, DISTRIBUTION, ETC. (IMPRINT)
Place of publication Bristol :
Name of publisher Intellect Books,
Year of publication 2008.
300 ## - PHYSICAL DESCRIPTION
Number of Pages 144 p. :
Other physical details ill.
650 #0 - SUBJECT ADDED ENTRY--TOPICAL TERM
Topical Term Graphic arts
Topical Term Design
Topical Term Graphic arts
Topical Term Design
856 40 - ELECTRONIC LOCATION AND ACCESS
Uniform Resource Identifier http://site.ebrary.com/lib/rucke/Doc?id=10231490

No items available.

© 2026 Rongo University
Contact us: librarian | system librarian | Rongo university